000 00567nam a2200181 i 4500
001 28495
003 ES-MaACL
007 t|
008 030117s1945 po ||||1| spa d
100 1 _aBarata, Teyo.
_925339
245 1 3 _aLa escultura de Alcobaça /
_cpor Teyo Barata.
260 _aLisboa :
_bAtica,
_c1945 (
_fEmpresa Nacional de Publicidade)
300 _a52 p., 80 lám. ;
_c33 cm.
490 1 _aArte portuguesa. Serie Escultura
830 0 0 _aArte portuguesa.
_pSerie escultura
_9229265
852 _aES-MaACL
_jB-5899
_bR.22314
999 _c28495
_d28495